Sports Quiz

Random Sports or Baseball Quiz

Baseball 101 Quiz Stats

Quiz not verified by Sporcle

Challenge
Share
Tweet
Embed
Score 0/7 Timer 08:00
0 Plays Today
discription type here % Correct
he plays for the Los Angeles AngelsMike Trout
85.7%
he transford from the giants to the red soxsPablo Sandoval
85.7%
he plays for the san fransisco giantsBuster Posey
71.4%
he was the youngest player ever to play in a major league baseball gameBryce Harper
57.1%
he is an infielder for the San fransisco giantsBrandon Crawford
42.9%
he has a chia petJason werth
28.6%
he is a great pitcher for the Washington NationalsSteven strausburg
14.3%

You're not logged in!

Compare scores with friends on all Sporcle quizzes.
Join for Free
OR
Log In

You Might Also Like...

Show Comments

Extras

Created Jan 31, 2016ReportNominate
Tags:Baseball Quiz, 101, here, player

Top Quizzes Today


Score Distribution

Your Account Isn't Verified!

In order to create a playlist on Sporcle, you need to verify the email address you used during registration. Go to your Sporcle Settings to finish the process.

Report this User

Report this user for behavior that violates our Community Guidelines.

Details: